| 000 | 01180cam a22003251 4500 | ||
|---|---|---|---|
| 999 |
_c20337 _d20337 |
||
| 001 | 6120208 | ||
| 003 | BDDh-ASL | ||
| 005 | 20231015025857.0 | ||
| 008 | 740709s1966 stkacfh b 000 0 eng | ||
| 010 | _a 65022498 | ||
| 015 | _aB67-3717 | ||
| 035 | _a(OCoLC)939448 | ||
| 040 |
_aDLC _cOTU _dOCoLC _dUk _dDLC _dBDDh-ASL |
||
| 050 | 0 | 0 |
_aDS63 _b.D3 |
| 082 |
_a297.0942 _bDAI |
||
| 100 | 1 | _aDaniel, Norman. | |
| 245 | 1 | 0 | _aIslam, Europe and Empire / |
| 260 |
_aEdinburgh: _bEdinburgh U.P. _c[1966] |
||
| 300 |
_axx, 619 p. _billus., 34 plates (incl. facsims., ports.) _c23 cm. |
||
| 490 | 1 |
_a[Edinburgh University publications; language and literature series, _vno. 15] |
|
| 504 | _aBibliography: p. 566-594. | ||
| 650 | 0 |
_aIslam _xRelations _xChristianity. |
|
| 650 | 0 |
_aChristianity and other religions _xIslam. |
|
| 651 | 0 |
_aIslamic countries _xForeign public opinion, European. |
|
| 651 | 0 |
_aEurope _xRelations _zIslamic countries. |
|
| 651 | 0 |
_aIslamic countries _xRelations _zEurope. |
|
| 810 | 2 |
_aUniversity of Edinburgh. _tEdinburgh University publications; language and literature ; _v15. |
|
| 906 |
_a7 _bcbc _coclcrpl _du _encip _f19 _gy-gencatlg |
||
| 942 |
_2ddc _cBK |
||